| 000 | 00617nam a22001817a 4500 | ||
|---|---|---|---|
| 999 |
_c57681 _d57681 |
||
| 005 | 20201109135434.0 | ||
| 008 | 200907s2013 enk||||| |||| 00| 0 eng d | ||
| 020 | _a9781927173572 | ||
| 080 | _a611+612 A-53 | ||
| 245 |
_aAnatomy & Physiology : _bStudent Workbook / _cEdited by Tracey Greenwood. |
||
| 250 | _aSecond editoin | ||
| 264 |
_aBiozone, _b2013. |
||
| 300 |
_a282 p. _b30 cm. |
||
| 653 | _aადამიანის ანატომია | ||
| 653 | _aადამიანის ფიზიოლოგია | ||
| 700 |
_a Greenwood, Tracey _eრედაქტორი _99417 |
||
| 942 |
_2udc _cBK |
||